Colours

Bibliographic Details
Main Author: Bull, Norman J
Other Authors: Ivory, Lesley Anne, Turvey, Raymond
Format: Book
Published: London : Burke Publishing Co.Ltd. , 1973
Subjects:

MARC

LEADER 00000cam a2200000 7i4500
001 0000008083
002 000008821
005 20000330.0
020 |a T000000665 
090 0 0 |a 752   |b BUL 
100 1 |a Bull, Norman J 
245 1 0 |a Colours   |c Norman J.Bull ; illustrators by Lesley Anne Ivory and Raymond Turvey 
260 |a London :   |b Burke Publishing Co.Ltd. ,   |c 1973 
300 |a 96 p. :   |b ill. ;   |c 24 cm. 
650 0 0 |a Colours 
700 1 |a Ivory, Lesley Anne 
700 1 |a Turvey, Raymond 
999 |a 0003072   |b BUKU   |c PINJAMAN   |e PERPUSTAKAAN KOMUNITI PETALING JAYA